000
00301nam a22001337a 4500
008
181101b xxu||||| |||| 00| 0 eng d
020
_a
9780231067911
041
_a
eng
080
_2
3rd
_a
316
100
_a
50
101
_a
SOC
245
_a
The Social Work Interview
_c
Kadushin,A
942
_2
udc
_c
BK
999
_c
51478
_d
51478